[Event "UZB-ch"]
[Site "Tashkent"]
[Date "2024.04.27"]
[Round "15"]
[White "Vokhidov, Shamsiddin"]
[Black "Tillyaev, Ulugbek"]
[Result "1-0"]
[WhiteElo "2591"]
[BlackElo "2263"]
[PlyCount "89"]
[EventDate "2024.04.20"]
[EventType "tourn (rapid)"]
[EventRounds "23"]
[EventCountry "UZB"]
[EventCategory "5"]
[SourceTitle "CB18_2024"]
[SourceDate "2024.05.01"]
[SourceVersion "1"]
[SourceVersionDate "2024.05.01"]
[SourceQuality "2"]

1. e4 c5 2. Nf3 Nc6 3. Bb5 g6 4. Bxc6 bxc6 5. 0-0 Bg7 6. Re1 e5 7. c3 d6 8. d4 cxd4 9. cxd4 f6 10. dxe5 fxe5 11. Na3 Be6 12. Ng5 Qd7 13. Nxe6 Qxe6 14. b3 Ne7 15. Nc4 Rd8 16. Bg5 Bf6 17. Be3 Rd7 18. Rc1 0-0 19. Na5 c5 20. Re2 Nc8 21. Rd2 Rdf7 22. Qe2 Bd8 23. Nc4 Bc7 24. Rcd1 a5 25. h3 Kg7 26. Qg4 Qe8 27. Qh4 h5 28. Qg3 a4 29. Bg5 axb3 30. axb3 Qc6 31. Qe3 Kh7 32. f3 Rd7 33. Nxe5 Qb5 34. Nxd7 Qxd7 35. e5 Bb6 36. Kh1 c4 37. Rxd6 Qf5 38. Rd7+ Kg8 39. Qc1 c3 40. Bf6 Rxf6 41. exf6 Qxf6 42. Re1 Nd6 43. Qd1 Bd4 44. Qe2 Nf5 45. Qc4+ 1-0

[Event "UZB-ch"]
[Site "Tashkent"]
[Date "2024.04.26"]
[Round "13"]
[White "Vokhidov, Shamsiddin"]
[Black "Abdurakhmanov, Mukhmmadali"]
[Result "1-0"]
[WhiteElo "2591"]
[BlackElo "2405"]
[PlyCount "95"]
[EventDate "2024.04.20"]
[EventType "tourn (rapid)"]
[EventRounds "23"]
[EventCountry "UZB"]
[EventCategory "5"]
[SourceTitle "CB18_2024"]
[SourceDate "2024.05.01"]
[SourceVersion "1"]
[SourceVersionDate "2024.05.01"]
[SourceQuality "2"]

1. e4 c5 2. Nf3 e6 3. d4 cxd4 4. Nxd4 Nc6 5. Nc3 Qc7 6. Be3 a6 7. g4 b5 8. Nxc6 Qxc6 9. Qd2 Bb7 10. f3 Rc8 11. 0-0-0 Ne7 12. Kb1 d5 13. Bd3 Qd7 14. Qf2 b4 15. Ne2 Qc7 16. Rhf1 Ng6 17. Bb6 Bc5 18. Bxc7 Bxf2 19. exd5 Rxc7 20. Rxf2 Bxd5 21. Bxa6 Ke7 22. Nc1 Ra8 23. Be2 Nf4 24. Rd4 Nxe2 25. Rxe2 Bxa2+ 26. Nxa2 Rca7 27. Rxb4 Rxa2 28. c3 Ra1+ 29. Kc2 Rf1 30. f4 Kf6 31. h4 h6 32. f5 Ra6 33. fxe6 fxe6 34. Rbe4 g6 35. c4 Rh1 36. g5+ hxg5 37. hxg5+ Ke7 38. b4 Rg1 39. b5 Ra2+ 40. Kb3 Rxe2 41. Rxe2 Rxg5 42. Rd2 Rg1 43. c5 g5 44. c6 Rc1 45. Rd7+ Kf6 46. c7 g4 47. b6 g3 48. Rd2 1-0

[Event "Titled Tuesday intern op 02nd Apr Early"]
[Site "Chess.com INT"]
[Date "2024.04.02"]
[Round "2"]
[White "Krstulovic, Alex"]
[Black "Vokhidov, Shamsiddin"]
[Result "1-0"]
[WhiteElo "2447"]
[BlackElo "2591"]
[PlyCount "95"]
[EventDate "2024.04.02"]
[EventType "swiss (blitz)"]
[EventRounds "11"]
[EventCountry "USA"]
[SourceTitle "CB15_2024"]
[SourceDate "2024.04.10"]
[SourceVersion "1"]
[SourceVersionDate "2024.04.10"]
[SourceQuality "1"]

1. d4 Nf6 2. Nf3 d5 3. Bf4 c5 4. e3 Nc6 5. Nbd2 Nh5 6. dxc5 Nxf4 7. exf4 Qa5 8. c4 e6 9. a3 Qxc5 10. Bd3 g6 11. 0-0 Bg7 12. b4 Qd6 13. Rc1 0-0 14. g3 a5 15. b5 Qxa3 16. Nb1 Qd6 17. bxc6 bxc6 18. Re1 a4 19. Ne5 a3 20. Nc3 f6 21. Nf3 Bd7 22. cxd5 cxd5 23. Bb5 a2 24. Bxd7 Qxd7 25. Qd2 Ra3 26. Ra1 Rc8 27. Re3 Qa7 28. Nb5 Qxe3 29. fxe3 Rb3 30. Qxa2 Rxb5 31. Nd4 Rb6 32. Nxe6 Rxe6 33. Qxd5 Rce8 34. Ra6 Kf7 35. e4 f5 36. exf5 gxf5 37. Qxf5+ Rf6 38. Rxf6+ Bxf6 39. Qxh7+ Bg7 40. Qh5+ Kf8 41. Qf3 Rd8 42. h4 Bf6 43. Kg2 Kf7 44. Kh3 Be7 45. h5 Rd6 46. g4 Ra6 47. Qd5+ Kf8 48. g5 1-0

[Event "Titled Tuesday intern op 02nd Apr Early"]
[Site "Chess.com INT"]
[Date "2024.04.02"]
[Round "3"]
[White "Vokhidov, Shamsiddin"]
[Black "Mika, Tomasz1"]
[Result "1-0"]
[WhiteElo "2591"]
[BlackElo "2143"]
[PlyCount "105"]
[EventDate "2024.04.02"]
[EventType "swiss (blitz)"]
[EventRounds "11"]
[EventCountry "USA"]
[SourceTitle "CB15_2024"]
[SourceDate "2024.04.10"]
[SourceVersion "1"]
[SourceVersionDate "2024.04.10"]
[SourceQuality "1"]

1. b3 d5 2. Bb2 Nf6 3. g3 c6 4. Bg2 g6 5. d3 Bg7 6. Nd2 0-0 7. Ngf3 a5 8. a3 Nbd7 9. 0-0 Re8 10. c4 e5 11. cxd5 Nxd5 12. Nc4 Nc5 13. Ncxe5 a4 14. b4 Nb3 15. Rb1 Qb6 16. Nc4 Qa7 17. Bxg7 Kxg7 18. Qc2 Bg4 19. Qb2+ Kg8 20. e4 Nb6 21. Ne3 Bxf3 22. Bxf3 Nd7 23. Nc2 Nd2 24. Be2 Nxf1 25. Rxf1 Rad8 26. Kg2 Nf8 27. Rd1 Rd6 28. e5 Rd5 29. d4 Red8 30. Bc4 Rxe5 31. Ne3 Re7 32. d5 Rxe3 33. fxe3 Qxe3 34. Qf6 Qe4+ 35. Kh3 Qxc4 36. Qxd8 Qe2 37. Rc1 Qh5+ 38. Qh4 Qxd5 39. Rf1 Qe6+ 40. Qg4 f5 41. Qf3 Qe4 42. Qxe4 fxe4 43. Re1 Kf7 44. Rxe4 Ne6 45. Re5 b5 46. Kg4 Kf6 47. Re3 h5+ 48. Kf3 Nd4+ 49. Ke4 Ne6 50. Rc3 Ng5+ 51. Ke3 Ke5 52. Rc5+ Kf6 53. Rxc6+ 1-0

[Event "Titled Tuesday intern op 13th Feb Early"]
[Site "Chess.com INT"]
[Date "2024.02.13"]
[Round "4"]
[White "Vokhidov, Shamsiddin"]
[Black "Alonso Rosell, Alvar"]
[Result "1-0"]
[WhiteElo "2596"]
[BlackElo "2564"]
[PlyCount "67"]
[EventDate "2024.02.13"]
[EventType "swiss (blitz)"]
[EventRounds "11"]
[EventCountry "USA"]
[SourceTitle "CB08_2024"]
[SourceDate "2024.02.21"]
[SourceVersion "1"]
[SourceVersionDate "2024.02.21"]
[SourceQuality "1"]

1. e4 c6 2. d4 d5 3. e5 c5 4. Nf3 Bg4 5. dxc5 Nc6 6. c3 e6 7. Be3 a6 8. Nbd2 Nxe5 9. Be2 Nc6 10. 0-0 g6 11. b4 Bg7 12. Rc1 Nge7 13. h3 Bxf3 14. Nxf3 0-0 15. a3 Nf5 16. Bg5 Qc7 17. Qd2 h6 18. Bf4 e5 19. Bh2 Rad8 20. Rfd1 h5 21. Qa2 Qe7 22. Rxd5 e4 23. Rxf5 gxf5 24. Bd6 Rxd6 25. cxd6 Qxd6 26. Nh2 f4 27. Bxh5 f3 28. Re1 Qh6 29. Bg4 Rd8 30. Qc2 Ne5 31. Qxe4 Nd3 32. Rd1 Qd6 33. Bf5 Be5 34. Nxf3 1-0

[Event "Chessable Play In Match D2"]
[Site "Chess.com INT"]
[Date "2024.02.01"]
[Round "2.5"]
[White "Paravyan, David"]
[Black "Vokhidov, Shamsiddin"]
[Result "1/2-1/2"]
[WhiteElo "2612"]
[BlackElo "2596"]
[PlyCount "72"]
[EventDate "2024.02.01"]
[EventType "k.o. (rapid)"]
[EventRounds "2"]
[EventCountry "USA"]
[SourceTitle "CB06_2024"]
[SourceDate "2024.02.07"]
[SourceVersion "1"]
[SourceVersionDate "2024.02.07"]
[SourceQuality "1"]

1. e4 c5 2. Nf3 e6 3. d4 cxd4 4. Nxd4 Nc6 5. Nc3 Qc7 6. Be3 a6 7. Bd3 Nf6 8. Qe2 h5 9. h3 b5 10. Nxc6 Qxc6 11. a3 Bb7 12. 0-0 b4 13. axb4 Bxb4 14. Ra4 a5 15. Nb5 0-0 16. c3 Be7 17. Rfa1 d5 18. Nd4 Qc7 19. exd5 Bxd5 20. Bg5 Rfb8 21. c4 Bb7 22. Nxe6 fxe6 23. Qxe6+ Kh8 24. Bxf6 Bxf6 25. Qf5 Kg8 26. Qh7+ Kf8 27. Qh8+ Kf7 28. Qxh5+ Kf8 29. Re1 Qc6 30. Be4 Qxa4 31. Bg6 Qxc4 32. Qh8+ Qg8 33. Qh5 Qd5 34. Qh8+ Qg8 35. Qh5 Qd5 36. Qh8+ Qg8 1/2-1/2

[Event "Chessable Masters Play In"]
[Site "Chess.com INT"]
[Date "2024.01.31"]
[Round "2"]
[White "Vokhidov, Shamsiddin"]
[Black "Shtembuliak, Evgeny"]
[Result "1-0"]
[WhiteElo "2596"]
[BlackElo "2620"]
[PlyCount "87"]
[EventDate "2024.01.31"]
[EventType "swiss (rapid)"]
[EventRounds "9"]
[EventCountry "USA"]
[SourceTitle "CB06_2024"]
[SourceDate "2024.02.07"]
[SourceVersion "1"]
[SourceVersionDate "2024.02.07"]
[SourceQuality "1"]

1. e4 d6 2. d4 g6 3. Bc4 Bg7 4. Nf3 e6 5. Qe2 Ne7 6. c3 a6 7. Bd3 Nd7 8. Nbd2 h6 9. 0-0 b6 10. Rd1 Bb7 11. Nf1 0-0 12. Bc2 Qe8 13. h4 f5 14. Re1 Qf7 15. N1h2 Rae8 16. e5 dxe5 17. dxe5 Nc5 18. Be3 Ne4 19. Rad1 Nd5 20. Bc1 c5 21. Qf1 Qc7 22. Nd2 Nxd2 23. Bxd2 Bxe5 24. Nf3 Bg7 25. Bb3 Kh7 26. Qe2 b5 27. Ne5 c4 28. Bc2 Qe7 29. h5 Bxe5 30. hxg6+ Kxg6 31. Qxe5 Kh7 32. Bc1 Qf7 33. Rd4 Rg8 34. Rh4 Rg6 35. Bxf5 exf5 36. Qxe8 Rxg2+ 37. Kf1 Rg1+ 38. Kxg1 Qg7+ 39. Kf1 Nf6 40. Rxh6+ Qxh6 41. Re7+ Qg7 42. Rxg7+ Kxg7 43. Qe7+ Kg6 44. Qxb7 1-0

[Event "Titled Tuesday intern op 16th Jan Early"]
[Site "Chess.com INT"]
[Date "2024.01.16"]
[Round "1"]
[White "Martinez Pla, Xavier"]
[Black "Vokhidov, Shamsiddin"]
[Result "0-1"]
[WhiteElo "2251"]
[BlackElo "2596"]
[PlyCount "113"]
[EventDate "2024.01.16"]
[EventType "swiss (blitz)"]
[EventRounds "11"]
[EventCountry "USA"]
[SourceTitle "CB04_2024"]
[SourceDate "2023.10.16"]
[SourceVersion "1"]
[SourceVersionDate "2023.10.16"]
[SourceQuality "1"]

1. e4 c5 2. Nf3 e6 3. b3 Nc6 4. Bb5 a6 5. Bxc6 bxc6 6. Bb2 f6 7. c3 d5 8. Qe2 Nh6 9. d4 Nf7 10. exd5 cxd5 11. c4 dxc4 12. Qxc4 cxd4 13. Nxd4 Ne5 14. Qe2 Bb4+ 15. Nd2 Qd5 16. 0-0 Bb7 17. N2f3 0-0 18. Rad1 Rad8 19. Kh1 Nxf3 20. Nxf3 Qe4 21. Qxe4 Bxe4 22. Nd4 Kf7 23. f3 Bb7 24. a3 Be7 25. b4 Bd5 26. Rfe1 Rd7 27. Ne2 Rfd8 28. Nc3 Bc4 29. Rxd7 Rxd7 30. Rd1 Rxd1+ 31. Nxd1 e5 32. Kg1 Ke6 33. Kf2 Bd8 34. Bc1 f5 35. g3 g5 36. Be3 f4 37. Bc5 h5 38. Nc3 g4 39. fxg4 hxg4 40. a4 Kf5 41. b5 axb5 42. axb5 Ke6 43. b6 Ba6 44. gxf4 exf4 45. Ke1 Bf6 46. Ne2 Be5 47. Bf2 f3 48. Ng3 Kd5 49. Kd2 Bb7 50. Be3 Kc4 51. Nf5 Bxh2 52. Bf2 Bf4+ 53. Ne3+ Kb5 54. Ke1 g3 55. Bxg3 Bxe3 56. Bf2 Bxf2+ 57. Kxf2 0-1

[Event "Titled Tuesday intern op 09th Jan Early"]
[Site "Chess.com INT"]
[Date "2024.01.09"]
[Round "7"]
[White "Pichot, Alan"]
[Black "Vokhidov, Shamsiddin"]
[Result "1/2-1/2"]
[WhiteElo "2644"]
[BlackElo "2596"]
[PlyCount "148"]
[EventDate "2024.01.09"]
[EventType "swiss (blitz)"]
[EventRounds "11"]
[EventCountry "USA"]
[SourceTitle "CB03_2024"]
[SourceDate "2024.01.17"]
[SourceVersion "1"]
[SourceVersionDate "2024.01.17"]
[SourceQuality "1"]

1. e4 c5 2. Nf3 e6 3. d4 cxd4 4. Nxd4 Nc6 5. Nc3 Qc7 6. Be2 Nf6 7. 0-0 a6 8. Kh1 Bc5 9. Be3 d6 10. Qd2 Nxd4 11. Bxd4 Bxd4 12. Qxd4 e5 13. Qd2 Be6 14. Rad1 Rd8 15. f4 0-0 16. Qe3 exf4 17. Qxf4 b5 18. a3 Qc5 19. Rd2 Qe5 20. Qh4 Rc8 21. Bf3 a5 22. Qg3 Qxg3 23. hxg3 b4 24. axb4 axb4 25. Ne2 Nd7 26. Nd4 Ne5 27. b3 Bd7 28. Rfd1 Rc3 29. Kg1 Rfc8 30. Kf2 g6 31. Ra1 h5 32. Ra6 Bc6 33. Rb6 g5 34. Rxb4 g4 35. Be2 Bxe4 36. Nb5 Rxc2 37. Rxc2 Bxc2 38. Nxd6 Rc3 39. Rb5 f6 40. b4 Bb3 41. Rc5 Rxc5 42. bxc5 Bd5 43. Nf5 Kf7 44. Ne3 Be4 45. Bb5 Ke7 46. Ke2 f5 47. Kd2 h4 48. gxh4 f4 49. Bf1 fxe3+ 50. Kxe3 Bf5 51. Kf4 Kf6 52. g3 Ng6+ 53. Ke3 Ke5 54. Bd3 Ne7 55. Bc4 Be4 56. Bb3 Nf5+ 57. Kf2 Nd4 58. Bd1 Bf5 59. Ba4 Kd5 60. Ke3 Ke5 61. c6 Ne6 62. Bb3 Nc7 63. Bc4 Be4 64. Be2 Bf5 65. h5 Nd5+ 66. Kd2 Nf6 67. h6 Ng8 68. Bxg4 Nxh6 69. Bxf5 Nxf5 70. c7 Ne7 71. Ke3 Kd6 72. g4 Kxc7 73. g5 Kd6 74. g6 Nxg6 1/2-1/2

[Event "Wch Blitz"]
[Site "Samarkand"]
[Date "2023.12.29"]
[Round "9"]
[White "Caruana, Fabiano"]
[Black "Vokhidov, Shamsiddin"]
[Result "0-1"]
[WhiteElo "2794"]
[BlackElo "2596"]
[PlyCount "96"]
[EventDate "2023.12.29"]
[EventType "swiss (blitz)"]
[EventRounds "21"]
[EventCountry "UZB"]
[SourceTitle "CB01_2024"]
[SourceDate "2024.01.03"]
[SourceVersion "1"]
[SourceVersionDate "2024.01.03"]
[SourceQuality "1"]

1. e4 c5 2. Nf3 e6 3. d4 cxd4 4. Nxd4 Nc6 5. Nc3 Qc7 6. Be3 a6 7. Bd3 Nf6 8. Qe2 h5 9. h3 b5 10. Nxc6 Qxc6 11. e5 b4 12. exf6 bxc3 13. fxg7 Bxg7 14. b3 Bb7 15. 0-0-0 d5 16. Kb1 0-0-0 17. Rhg1 e5 18. Bf5+ Kb8 19. f3 d4 20. Bc1 Qc5 21. g4 hxg4 22. hxg4 Rh3 23. Rgf1 Rdh8 24. g5 Rh2 25. Qd3 a5 26. a4 Ka7 27. Bd7 Bd5 28. Ka1 Rb8 29. Bb5 Rbh8 30. Qf5 Be6 31. Qd3 R8h3 32. Ka2 Qb4 33. Ka1 Bxb3 34. Qf5 Be6 35. Qe4 Qc5 36. f4 Rh4 37. Rh1 Rxh1 38. Rxh1 Bd5 39. Qxd5 Qxd5 40. Rxh4 e4 41. Rh7 d3 42. Be3+ Bd4 43. Bxd4+ Qxd4 44. Rxf7+ Kb6 45. Rf6+ Kc7 46. Rc6+ Kb7 47. Rc4 Qg1+ 48. Ka2 d2 0-1

[Event "Wch Blitz"]
[Site "Samarkand"]
[Date "2023.12.29"]
[Round "2"]
[White "Urazayev, Arystanbek"]
[Black "Vokhidov, Shamsiddin"]
[Result "0-1"]
[WhiteElo "2472"]
[BlackElo "2596"]
[PlyCount "46"]
[EventDate "2023.12.29"]
[EventType "swiss (blitz)"]
[EventRounds "21"]
[EventCountry "UZB"]
[SourceTitle "CB01_2024"]
[SourceDate "2024.01.03"]
[SourceVersion "1"]
[SourceVersionDate "2024.01.03"]
[SourceQuality "1"]

1. e4 c5 2. Nf3 e6 3. c3 Nf6 4. e5 Nd5 5. a3 d6 6. d4 cxd4 7. c4 Nb6 8. Bg5 f6 9. exf6 gxf6 10. Bh4 e5 11. Nbd2 Nc6 12. Ne4 Be7 13. b4 f5 14. Bxe7 Qxe7 15. Nxd6+ Qxd6 16. c5 Qd5 17. cxb6 axb6 18. Ng5 Be6 19. Rc1 Rxa3 20. Qh5+ Bf7 21. Qh6 d3 22. Nxf7 Kxf7 23. Rd1 Qe4+ 0-1